000 00872nas a2200265 i 4500
001 73
003 ES-MaACL
005 20250217133607.0
007 t|
008 950801d1938 xxum| | 1 ||ng d
080 _a(73)
080 _a616
245 0 0 _aAmerican journal of orthodontics and oral surgery.
246 1 3 _aAmerican journal of orthodontics
260 _aWashington :
_bC.V. Mosby Company,
_c1938-
300 _av :
_bgrab ;
_c26 cm.
310 _aMensual
362 0 _a1938-
547 _aDesde 1948 se titula "American journal of orthodontics", continuando la misma numeración, y de ella se escinde: "Oral surgery, oral medicine and oral pathology", con numeración independiente.
650 1 4 _aPatología.
_915884
700 1 _aPollock, H.C.
_992848
852 _aES-MaACL
_jHem-810
866 0 _o(1946f.ene.y abr.)1947-50.
999 _c73
_d73